1687 1529 1106 1043 1421 1663 1309 1672 1471 1619 1487 1432 1102 1558 1444 1281 1895 1599 1390 1753 1897 1537 1762 1481 1873 1472 1070 1835 1745 1018 1442 1319 1109 1339 1560 1310 1506 1662 1055 1500 1241 1288 1877 1484 1517 1810 1802 1296 1046 1410 1726 1062 1567 1500 1867 1551 1972 1420 1963 1469 1406 1438 1407 1118 1369 1059 1249 1328 1847 1439 1828 1822 1830 1647 1145 1272 1394 1759 1444 1254 1407 1910 1436 1472 1066 1998 1902 1693 1060 1523 1454 1757 1505 1649 1393 1763 1216 1456 1911 BCNSPRNW ULIB Ver.6.0+V

เปลี่ยนเป็นภาษาไทย

Change to English
 แสดงรายละเอียดบรรณานุกรม
  กลับหน้าหลัก

Brief Record : Get Marc (ISO 2709) : E-mail record : QR code < ปิดหน้าต่าง
LEADER : 00000nam 2200000uu 4500
001    13399121265
003     ULIB
008    121113s2550||||th 000 0 tha d
020    ^a9749698606
050  4 ^aPE1130.T5^bร951ภ 2549
100 1  ^aไรท์, คริสโตเฟอร์
245 10 ^aภาษาอังกฤษแบบฝรั่งเข้าใจ คนไทยเก็ท ภาค 2 /^cคริสโตเฟอร์ ไรท์
250    ^aพิมพ์ครั้งที่ 1
260    ^aกรุงเทพฯ :^bเนชั่นบุ๊คส์,^c2549
300    ^a230 หน้า :^bภาพประกอบ ;^c21 ซม.
650  4 ^aภาษาอังกฤษ^xการใช้ภาษา
945    ^p175^l0^i14140
995    ^aวิภา
999 ^a ศิริพร
รายการนี้ยังไม่มีแท็ก
คุณยังไม่ได้ล็อกอิน คุณสามารถมีกิจกรรมร่วมกับเว็บไซต์ได้ แต่ต้องล็อกอินก่อน ::
  ล็อกอิน

รายการสื่อสารสนเทศ

ลำดับที่ ประเภท เลขเรียก/บาร์โค้ด สถานที่ สถานะ
1. วิทยาศาสตร์การแพทย์ และสุขภาพ
วิทยาศาสตร์การแพทย์ และสุขภาพ
PE1130.T5 ร951ภ 2549  
  Barcode: 14140
ห้องสมุดวิทยาเขตสวรรค์ประชารักษ์
►หนังสือทั่วไป
บนชั้น

รายการใกล้เคียง
    ผู้แต่ง [ไรท์, คริสโตเฟอร์]

    หัวเรื่อง [ภาษาอังกฤษ การใช้ภาษา]

BibComment


ยังไม่เคยถูกคอมเมนท์

คอมเมนท์ทรัพยากรรายการนี้
  คอมเมนท์: ภาษาอังกฤษแบบฝรั..


 Copyright 2026. Bcnsprnw @Library